Daniel Boone and the American West
| Main Author: | |
|---|---|
| Format: | Book |
| Published: |
England :
Wayland ,
1985
|
| Series: | Life and Times
|
| Subjects: |
MARC
| LEADER | 00000cam a2200000 7i4500 | ||
|---|---|---|---|
| 001 | 0000002118 | ||
| 002 | 000002314 | ||
| 005 | 20060119.0 | ||
| 020 | |a 0850785561 | ||
| 090 | 0 | 0 | |a 909 |b LIF |
| 100 | 1 | |a May, Robin | |
| 245 | 1 | 0 | |a Daniel Boone and the American West |c Robin May |
| 260 | |a England : |b Wayland , |c 1985 | ||
| 300 | |a 50p. : |b ill ; |c 1985. | ||
| 490 | 0 | |a Life and Times | |
| 651 | 0 | |a American West |x History |x Juvenile Literature | |
| 999 | |a 033687 |b BUKU |c JUNIOR BOOKS |e PERPUSTAKAAN KOMUNITI CAW KOTA DAMANSARA | ||